00293nam a2200121Ia 4500008004100000100001400041245004400055260002300099300001400122650001300136942000700149999001500156190216s9999||||xx |||||||||||||| ||und|| aSethi T T 0a"Money,Banking And International Trade" bS Chand & Coc1987 a649 pages aCommerce cBK c5483d5483